000 00330nam a22001337a 4500
008 170814b xxu||||| |||| 00| 0 eng d
020 _a0070501173
041 _aeng
080 _a51
100 _a36
101 _aMAT
245 _aINTRODUCTION TO PARTIAL DIFFERENTIAL EQUATIONS WITH APPLICATIONS
_cPINSKY,M.A
942 _2udc
_cBK
999 _c23414
_d23414